History Quiz

Random History or Clickable Quiz

Partners of US Presidents Quiz Stats

 Plays Quiz not verified by Sporcle

Challenge
Share
Tweet
Score 0/16 Timer 04:00
0 Plays Today
% Correct
Ronald Reagan
100%
George H Bush
100%
Bill Clinton
100%
George W Bush
100%
Barack Obama
100%
Franklin D Roosevelt
100%
John F Kennedy
100%
Lyndon B Johnson
100%
% Correct
Jimmy Carter
98.1%
Dwight D Eisenhower
96.3%
Harry S Truman
94.4%
Richard Nixon
94.4%
Gerald Ford
94.4%
Warren Harding
92.6%
Calvin Coolidge
92.6%
Herbert Hoover
92.6%

You're not logged in!

Compare scores with friends on all Sporcle quizzes.
OR
Log In

You Might Also Like...

Show Comments

Extras

Top Quizzes Today


Score Distribution

Your Account Isn't Verified!

In order to create a playlist on Sporcle, you need to verify the email address you used during registration. Go to your Sporcle Settings to finish the process.

Report this User

Report this user for behavior that violates our Community Guidelines.

Details: